Statistiques concernant Top 10 ballon d'or 2017.

Cliquez ici pour prendre le quiz!

Statistiques générales

  • Ce quiz a été pris 169 fois
  • Le résultat moyen est 9 sur 10

Statistiques - réponses

%JoueursClubs% Correct
33.8Cristiano RonaldoReal
100%
23.9Lionel MessiBarca
100%
12.9NeymarBarca/ PSG
99%
1.7Kylian MbappeMonaco/ PSG
98%
1.3Harry KaneTottenham
95%
3Luka modricReal
91%
1.6Robert LewandowskiBayern
89%
2.5Sergio RamosReal
83%
7.9Gianluigi BuffonJuve
80%
1.7N'golo KanteChelsea
67%

Distribution des résultats

Percentile par nombre de réponses

% des personnes avec chaque résultat

Votre développement - résultats

Vous n’avez pas pris ce quiz